| 000 | 00779nam a2200229Ii 4500 | ||
|---|---|---|---|
| 003 | JO-AjNU | ||
| 008 | 230605s9999||||xx |||||||||||||| ||und|| | ||
| 017 | _a2008/6/2080 | ||
| 020 | _a978-9957-499-33-4 | ||
| 040 |
_aJO-AjNU _bara _erda _cJO-AjNU |
||
| 041 | _aara | ||
| 050 | 1 | 4 | _aHF 5635.S2982 2009 |
| 100 | 3 |
_aتأليف:السيد،سيد عطا الله, _eauthor _930424 |
|
| 245 | 0 | 0 | _aالنظريات المحاسبية |
| 250 | _aط1 | ||
| 264 | 3 | 1 | _aعمان: دار الراية للنشر والتوزيع، 2009 |
| 300 |
_a238ص _bيحتوي على ببلوغرافية من ص235-238 ص |
||
| 336 |
_atext _btxt _2rdacontent |
||
| 337 |
_aunmediated _bn _2rdamedia |
||
| 338 |
_avolume _bnc _2rdacarrier |
||
| 650 | 4 |
_aالمحاسبة المالية _930425 |
|
| 999 |
_aA12059 _c15627 _d15627 |
||